|
|
|
|
| LEADER |
00000nam0a2200000 4500 |
| 001 |
266616 |
| 005 |
20240207111125.0 |
| 035 |
|
|
|a (RuTPU)RU\TPU\book\289636
|
| 090 |
|
|
|a 266616
|
| 100 |
|
|
|a 20140711d2014 k y0rusy50 ca
|
| 101 |
0 |
|
|a rus
|
| 102 |
|
|
|a RU
|
| 105 |
|
|
|a a dm 001zy
|
| 200 |
1 |
|
|a Минеральный состав, морфология и структура уролитов (на примере уролитов жителей Томской области)
|e автореферат диссертации на соискание ученой степени доктора геолого- минералогических наук
|e спец. 25.00.05
|f А. К. Полиенко
|g Национальный исследовательский Томский политехнический университет (ТПУ) ; науч. конс. А. А. Поцелуев
|
| 210 |
|
|
|a Томск
|c [Б. и.]
|d 2014
|
| 215 |
|
|
|a 42 с.
|c ил.
|
| 300 |
|
|
|a Защита сост. 27.06.2014 г.
|
| 320 |
|
|
|a Библиогр.: с. 37-42 (46 назв.).
|
| 452 |
|
1 |
|0 (RuTPU)RU\TPU\book\278952
|t Минеральный состав, морфология и структура уролитов (на примере уролитов жителей Томской области)
|o автореферат диссертации на соискание ученой степени доктора геолого-минералогических наук
|o спец. 25.00.05
|f А. К. Полиенко
|g Национальный исследовательский Томский политехнический университет (ТПУ), Институт природных ресурсов (ИПР), Кафедра общей геологии и землеустройства (ОГЗ) ; науч. конс. А. А. Поцелуев
|c Томск
|d 2014
|a Полиенко, Александр Константинович
|
| 606 |
1 |
|
|a Уролиты
|2 stltpush
|3 (RuTPU)RU\TPU\subj\73391
|9 86423
|
| 610 |
1 |
|
|a строение
|
| 610 |
1 |
|
|a ритмическая зональность
|
| 610 |
1 |
|
|a элементы
|
| 610 |
1 |
|
|a распространение
|
| 610 |
1 |
|
|a мочекаменная болезнь
|
| 610 |
1 |
|
|a эпидемиологический анализ
|
| 610 |
1 |
|
|a авторефераты диссертаций
|
| 610 |
1 |
|
|a труды учёных ТПУ
|
| 675 |
|
|
|a 549.8(04)
|v 3
|
| 686 |
|
|
|a 25.00.05
|2 oksvnk
|
| 700 |
|
1 |
|a Полиенко
|b А. К.
|c геолог
|c доцент Томского политехнического университета, доктор геолого-минералогических наук
|c выпускник ТПИ 1964 г.
|f 1940-
|g Александр Константинович
|3 (RuTPU)RU\TPU\pers\20300
|9 8092
|
| 702 |
|
1 |
|a Поцелуев
|b А. А.
|c геолог
|c профессор Томского политехнического университета, доктор геолого-минералогических наук
|f 1952-
|g Анатолий Алексеевич
|3 (RuTPU)RU\TPU\pers\26071
|4 695
|9 11909
|
| 712 |
0 |
2 |
|a Национальный исследовательский Томский политехнический университет (ТПУ)
|c (2009- )
|3 (RuTPU)RU\TPU\col\15902
|
| 801 |
|
1 |
|a RU
|b 63413507
|c 20140711
|
| 801 |
|
2 |
|a RU
|b 63413507
|c 20150903
|g RCR
|
| 942 |
|
|
|c BK
|